Daňová asignácia v kontexte rozpočtovo-daňového určenia
Teoretické východiská fiškálneho usporiadania a definícia pojmu rozpočtovo-daňové určenie. Priestorový aspekt alokačnej funkcie. Priestorový aspekt distribučnej funkcie. Priestorový aspekt stabilizačnej funkcie. Rozpočtovo-daňové určenie v podmienkach Slovenskej republiky.
Gespeichert in:
| 1. Verfasser: | |
|---|---|
| Format: | Buchkapitel |
| Sprache: | Slowakisch |
| Schlagworte: | |
| Tags: |
Keine Tags, Fügen Sie das erste Tag hinzu!
|
MARC
| LEADER | 00000naa a2200000 4500 | ||
|---|---|---|---|
| 001 | 0196326 | ||
| 005 | 20240502073317.3 | ||
| 041 | 0 | |a slo | |
| 044 | |a SK | ||
| 245 | 1 | 0 | |a Daňová asignácia v kontexte rozpočtovo-daňového určenia |c Gizela Lénártová |
| 520 | |a Teoretické východiská fiškálneho usporiadania a definícia pojmu rozpočtovo-daňové určenie. Priestorový aspekt alokačnej funkcie. Priestorový aspekt distribučnej funkcie. Priestorový aspekt stabilizačnej funkcie. Rozpočtovo-daňové určenie v podmienkach Slovenskej republiky. | ||
| 610 | 2 | 0 | |a asignácia daňová |
| 610 | 2 | 0 | |a organizácie nefinančné |
| 610 | 2 | 0 | |a Slovensko |
| 610 | 2 | 0 | |a rozpočtovanie |
| 100 | 1 | |a Lénártová, Gizela | |